• 首页
  • 本馆介绍
  • 公告通知
  • 最新文献
  • 馆藏检索
  • 电子资源
  • 读者导购
  • 参考咨询
  • 我的图书馆
  • 登录
  • 详细信息显示
  • 放入我的书架
  • 预约/预借图书
  • 作者相关作品
  • 分类相关作品
  • 丛书相关作品
  • 出版社相关作品

书目信息

  • 表格格式
  • 工作单格式
  • 卡片格式
题名:
美国最好的中学是怎样的
    
 
作者: 休姆斯 著 ;王正林 , 王权 译
分册:  
出版信息: 北京   中国青年出版社  2011
页数: 264页
开本: 22cm
丛书名:
单 册:
中图分类: I712.55 , G639.712
科图分类:
主题词: 报告文学--美国--现代 , 中学--学校管理--美国 , 报告文学 , 中学 , 学校管理
电子资源:
ISBN: 978-7-5006-8583-8
000 01146nam0 2200325 450
001 1485
005 20180524103708.53
010    @a978-7-5006-8583-8@dCNY28.00
100    @a20111224d2011 em y0chiy50 ea
101 1  @achi@ceng
102    @aCN@b110000
105    @ay z 000yy
200 1  @a美国最好的中学是怎样的@9mei guo zui hao de zhong xue shi zen yang de@e让孩子成为学习高手的乐园@e白金版@f(美)爱德华·休姆斯(Edward Humes)著@g王正林,王权译
205    @a2版
210    @a北京@c中国青年出版社@d2011
215    @a264页@d22cm
300    @a常青藤·走遍世界看教育系列
330    @a本书是一篇报告文学,取材于惠尼中学的实地观察,包括和“理想”有个约定、成就天使的魔鬼学校、从普通到一流的奇迹绽放、没有距离的乐土、成功模式可以复制等内容。
606 0  @a报告文学@y美国@z现代
606 0  @a中学@x学校管理@y美国
606 0  @a报告文学
606 0  @a中学
606 0  @a学校管理
690    @aI712.55@v4
690    @aG639.712@v4
701  0 @c(美)@a休姆斯@9xiu mu si@c(Humes, Edward)@4著
702  0 @a王正林@9wang zheng lin@4译
702  0 @a王权@9wang quan@4译
801  0 @aCN@b91MARC@c20130904
905    @aMuseLib@dI712.55@e1060=2
    
    美国最好的中学是怎样的:让孩子成为学习高手的乐园:白金版/(美)爱德华·休姆斯(Edward Humes)著/王正林,王权译.-2版.-北京:中国青年出版社,2011
    264页;22cm
    常青藤·走遍世界看教育系列
    
    ISBN 978-7-5006-8583-8:CNY28.00
    本书是一篇报告文学,取材于惠尼中学的实地观察,包括和“理想”有个约定、成就天使的魔鬼学校、从普通到一流的奇迹绽放、没有距离的乐土、成功模式可以复制等内容。
●
相关链接 在E读中查询图书 在五车中查询图书 在当当中查询图书 在豆瓣中查询图书


正题名:美国最好的中学是怎样的     索取号:I712.55/1060=2         预约/预借

序号 登录号 条形码 馆藏地/架位号 状态 备注
1 1104792   211047927   第一样本阅览室/ [索取号:I712.55/1060=2] 在馆    
2 1104793   211047936   教育系资料室/ [索取号:I712.55/1060=2] 在馆    
3 1104794   211047945   教育系资料室/ [索取号:I712.55/1060=2] 在馆    
4 1104795   211047954   教育系资料室/ [索取号:I712.55/1060=2] 在馆    
5 1104796   211047963   第二借阅区/ [索取号:I712.55/1060=2] 在馆    
6 1104797   211047972   第二借阅区/ [索取号:I712.55/1060=2] 在馆    
唐山师范学院图书馆 欢迎您!
大连网信软件有限公司© 版权所有